| 000 | 00802nam a2200229 a 4500 | ||
|---|---|---|---|
| 001 | 000034369 | ||
| 003 | OSt | ||
| 005 | 20260321073642.0 | ||
| 008 | 110427s1986 dr ac 000 0 spa d | ||
| 040 |
_aDO-SdBNP _bspa _cBNPHU |
||
| 082 |
_axxxx _bB742N |
||
| 100 | 1 |
_a Bosch, Juan, _d1909-2001 _976555 |
|
| 245 | 1 | 3 |
_aEl Napoleón de las guerrillas / _cJuan Bosch ; edición Mayra Díaz Arango. |
| 260 |
_aLa Habana, Cuba : _bEditorial de Ciencia Sociales, _c1986. |
||
| 300 |
_a85 p. ; _cil., retrs. _c18 cm. |
||
| 490 | 1 | _aEdiciones políticas | |
| 505 | 0 |
_aLa campaña de las Tea -- _tLa lucha de Clases -- _tLa Campaña de La Reforma -- _tNotas. |
|
| 590 | _aInventariado, 2019 /LP | ||
| 700 | 1 |
_aDíaz Arango, Mayra, _eedición _959790 |
|
| 830 | 0 |
_aEdiciones políticas _918924 |
|
| 942 |
_2ddc _cLBS1 |
||
| 999 |
_c33860 _d33860 |
||